Z którego filmu jest ten morderca - Statystyki

Ogólne statystyki
  • Ten quiz został rozwiązany 15 razy
  • Średni wynik to 5 z 15
Statystyki odpowiedzi
Hint Odpowiedź % Poprawnych
Koszmar z ulicy wiązów Freddy Kruger
71%
Piątek trzynastego od 2 części Jason
64%
Teksańska masakra piłą mechaniczną Leatherface
64%
Annabelle Annabelle
50%
IT/to Pennywise
50%
Piła Jigsaw
43%
Krzyk Ghostface
36%
Obcy Ksenomorf
29%
Psychoza Norman bates
21%
Zakonnica Valak
14%
Lśnienie Jack torrance
7%
Halloween Micheal myers
7%
Misery Annie wilkes
0%
Koszmar minionego lata/następnego/kolejnego Ben willis
0%
Maskara w halloween Terrifier
0%
Nie znaleziono quizów pasujących do podanych kryteriów
Rozkład punktacji
Procent ludzi z każdym wynikiem
Percentyl według liczby udzielonych odpowiedzi
Twoja historia wyników
Nie rozwiązałeś tego quizu